Statistiques concernant Associez ces footballers à leurs clubs

Cliquez ici pour prendre le quiz!

Statistiques générales

  • Ce quiz a été pris 1 837 fois
    (650 depuis la dernière actualisation)
  • Le résultat moyen est 17 sur 20

Statistiques - réponses

HintRéponse% Correct
Aurélien TchouaméniReal Madrid
93%
Rafael LeaoAC Milan
92%
Harry MaguireManchester United
92%
Cristiano RonaldoAl-Nassr
91%
Jules KoundéFC Barcelone
90%
Adrien RabiotJuventus
90%
Eder MilitaoReal Madrid
89%
Jamal MusialaBayern
88%
AntonyManchester United
88%
RaphinhaFC Barcelone
87%
Martin OdegaardArsenal
86%
Lucas VasquezReal Madrid
85%
NachoReal Madrid
83%
Nordi MukielePSG
78%
Sadio ManéAl-Nassr
77%
Nicolas TagliaficoLyon
74%
TaliscaAl-Nassr
73%
Alex SandroJuventus
70%
Diogo DalotManchester United
68%
Tyrell MalaciaManchester United
56%

Distribution des résultats

Percentile par nombre de réponses

% des personnes avec chaque résultat

Votre développement - résultats

Vous n’avez pas pris ce quiz depuis la dernière actualisation